Géographie de l'Inde ... (Record no. 24166)
[ view plain ]
| 000 -LEADER | |
|---|---|
| fixed length control field | 00701cam a2200241u 4500 |
| 001 - CONTROL NUMBER | |
| control field | 24166 |
| 003 - CONTROL NUMBER IDENTIFIER | |
| rucl marc code | BD-RjUL |
| 005 - DATE AND TIME OF LATEST TRANSACTION | |
| control field | 20211209001022.0 |
| 008 - FIXED-LENGTH DATA ELEMENTS--GENERAL INFORMATION | |
| fixed length control field | 140312s1968 fr a 000 0 fre |
| 035 ## - SYSTEM CONTROL NUMBER | |
| System control number | (BD-RjUL)24232 |
| 040 ## - CATALOGING SOURCE | |
| Original cataloging agency | DLC |
| Transcribing agency | CarP |
| Modifying agency | DLC |
| Language of cataloging | eng |
| 041 ## - LANGUAGE CODE | |
| Language code of text/sound track or separate title | eng |
| 082 ## - DEWEY DECIMAL CLASSIFICATION NUMBER | |
| Classification number | 915.4 |
| Author mark and year | DUG 1968 |
| 100 2# - MAIN ENTRY--PERSONAL NAME | |
| Personal name | Durand-Dastès, François. [from old catalog] |
| 9 (RLIN) | 74449 |
| 245 10 - TITLE STATEMENT | |
| Title | Géographie de l'Inde ... |
| Statement of responsibility, etc. | François Durand-Dastès |
| 250 ## - EDITION STATEMENT | |
| Edition statement | 2e éd. |
| 260 ## - PUBLICATION, DISTRIBUTION, ETC. (IMPRINT) | |
| Place of publication, distribution, etc. | Paris : |
| Name of publisher, distributor, etc. | Presses universitaires de France, |
| Date of publication, distribution, etc. | 1968. |
| 300 ## - PHYSICAL DESCRIPTION | |
| Pagination | 128 p. : |
| Illustrations | ill. ; |
| Size | 17 cm. |
| 651 #0 - SUBJECT ADDED ENTRY--GEOGRAPHIC NAME | |
| Geographic name | India |
| General subdivision | Description and travel. |
| 9 (RLIN) | 74450 |
| 942 ## - ADDED ENTRY ELEMENTS (KOHA) | |
| Source of classification or shelving scheme | Dewey Decimal Classification |
| Koha item type | Books |
| Lost status | Source of classification or shelving scheme | Damaged status | Not for loan | Collection code | Permanent Location | Current Location | Shelving location | Date acquired | Source of acquisition | Cost, normal purchase price | Total Checkouts | Full call number | Date last seen | Copy number | Koha item type |
|---|---|---|---|---|---|---|---|---|---|---|---|---|---|---|---|
| Dewey Decimal Classification | Added to bundle | Non-fiction | Central Library, University of Rajshahi | Central Library, University of Rajshahi | Reading Room | 20/01/1971 | Zetlinger | 8.60 | 915.4 DUG 1968 | 12/03/2014 | C-1 | Books |